Score 0/12 Timer 06:00
1 Play Today
Question Answer Wrong Answers
Sports Equipment
ELIMINATE the one a hockey goaltender would NOT have

ELIMINATE the one required by all MLB baserunners

ELIMINATE the one a golfer might carry

Choose the only one left
Mask
82.4%
Bat
6.6%
Helmet
4.6%
Glove
1.6%
Athletes
ELIMINATE the one who retired the latest

ELIMINATE the one that was NOT born in the USA

ELIMINATE the one that played for Boston and New York

Choose the only one left
Jim Brown
77.5%
Wayne Gretzky
3.7%
Michael Jordan
9.1%
Babe Ruth
4.8%
MLB
ELIMINATE the one that plays at the oldest stadium

ELIMINATE the one that started off in New York before relocating

ELIMINATE the one with the most championships in all of Big 4 Sports

Choose the only one left
St. Louis Cardinals
77.4%
New York Yankees
4%
Boston Red Sox
6.7%
Los Angeles Dodgers
6.6%
The NFL
ELIMINATE the one that is nicknamed 'America's Team'

ELIMINATE the one that has never been to the Super Bowl

ELIMINATE the one that is publicly owned

Choose the only one left
New England Patriots
72.7%
Dallas Cowboys
10.1%
Green Bay Packers
8%
Detroit Lions
4.4%
The Summer Olympics
ELIMINATE the one held in the 20th Century

ELIMINATE the one that held the modern Olympics twice

ELIMINATE the one held in the Southern Hemisphere

Choose the only one left
Beijing
67%
Munich
17.8%
Rio de Janeiro
2.7%
Athens
7.4%
Big 4 Trophies
ELIMINATE the one that can only be won by a U.S. franchise

ELIMINATE the one NOT named after a specific person

ELIMINATE the one commissioned in the 19th century

Choose the only one left
Larry O'Brien Championship Trophy
57.2%
Commissioner's Trophy
10.2%
The Stanley Cup
20.2%
Vince Lombardi Trophy
7.2%
Miscellaneous Sports
ELIMINATE the one that does NOT feature the term ace

ELIMINATE the one invented in the U.S.

ELIMINATE the one played on hardcourt, grass and clay

Choose the only one left
Golf
54.9%
Tennis
2.4%
Volleyball
8.6%
Cricket
29.3%
Big 4 Sports
ELIMINATE the one that plays the total most games a year

ELIMINATE the one that Dave Winfield was NOT drafted in

ELIMINATE the one that typically ends their season in February

Choose the only one left
NBA
54.5%
MLB
6.8%
NFL
6.9%
NHL
26.8%
The Winter Olympics
ELIMINATE the one held in Europe

ELIMINATE the one held the latest

ELIMINATE the one whose same Olympic year held a Summer Olympics

Choose the only one left
Vancouver
53%
Lake Placid
25.8%
PyeongChang
12.1%
Turin
4.3%
FIFA World Cup
ELIMINATE the one that has NOT won the World Cup

ELIMINATE the one that has NOT hosted the tournament at least twice

ELIMINATE the one that has won the tournament the most

Choose the only one left
Italy
47.4%
Mexico
11.8%
Brazil
5.9%
Argentina
29.7%
The NHL
ELIMINATE the one that has the most retired jerseys

ELIMINATE the one that was NOT an original 6 team

ELIMINATE the one NOT in the Eastern Time Zone

Choose the only one left
Boston Bruins
45.4%
Montreal Canadiens
16%
Chicago Blackhawks
20.2%
Pittsburgh Penguins
13.1%
The NBA
ELIMINATE the one franchise that has never relocated

ELIMINATE the one with 16 NBA championships

ELIMINATE the franchise that has NOT won a championship

Choose the only one left
Oklahoma City Thunder
43.6%
Utah Jazz
36.2%
Chicago Bulls
11.9%
Los Angeles Lakers
3.5%
Remove Ads.
Support Sporcle.
Get the best of Sporcle when you Go Orange. This ad-free experience offers more features, more stats, and more fun while also helping to support Sporcle. Thank you for becoming a member.

You're not logged in!

Compare scores with friends on all Sporcle quizzes.
OR
Log In

Sporcle TV

Today on Sporcle TV


Watch our educational content, quiz creation guides, and fun videos on Sporcle TV.

Show Comments

Extras

Top Quizzes Today


Score Distribution

Paid Content

Your Account Isn't Verified!

In order to create a playlist on Sporcle, you need to verify the email address you used during registration. Go to your Sporcle Settings to finish the process.

Report this User

Report this user for behavior that violates our Community Guidelines.

Details: